The Fertility Assumptions for the Population Projection of the Czech Republic of the Czech Statistical Office from 2023

Táto práca predstavuje metodiku použitú na odhad parametrov plodnosti pre populačnú projekciu Českej republiky na roky 2023 – 2050. Medzi diskutované metodologické prvky patria predpoklady, vstupné a výstupné údaje a podrobnosti o výpočtoch a odhadoch. Analýza sa zameriava na dimenziu poradia narode...

Description complète

Enregistré dans:
Détails bibliographiques
Auteur principal: Zeman, Kryštof
Format: Chapitre de livre
Langue:anglais
Sujets:
Tags: Ajouter un tag
Pas de tags, Soyez le premier à ajouter un tag!

MARC

LEADER 00000naa a2200000 4500
001 0312674
005 20251007133831.6
041 0 |a eng 
044 |a CZ 
245 1 0 |a The Fertility Assumptions for the Population Projection of the Czech Republic of the Czech Statistical Office from 2023  |c Kryštof Zeman 
520 |a Táto práca predstavuje metodiku použitú na odhad parametrov plodnosti pre populačnú projekciu Českej republiky na roky 2023 – 2050. Medzi diskutované metodologické prvky patria predpoklady, vstupné a výstupné údaje a podrobnosti o výpočtoch a odhadoch. Analýza sa zameriava na dimenziu poradia narodenia, kohortovú perspektívu a varianty odhadu s vysokým a nízkym hodnotením. Práca ďalej porovnáva odhadované súhrnné ukazovatele plodnosti s predchádzajúcimi projekciami Českého štatistického úradu, ako aj s nedávnymi projekciami iných agentúr. 
610 2 0 |a metodika 
610 2 0 |a populácia 
610 2 0 |a Česko 
610 2 0 |a pôrodnosť 
610 2 0 |a plodnosť 
610 2 0 |a vek 
610 2 0 |a ukazovatele 
100 1 |a Zeman, Kryštof